000 01990nam a2200217Ia 4500
999 _c9243
_d9243
005 20230911150247.0
008 230906s9999 xx 000 0 und d
020 _a9701018990
040 _aUPAN
_cBiblioteca San Vicente
_eRCAA2
041 _aspa
082 _a001.42
_bH476m.
_c2006
100 _aHernández Sampieri, Roberto
_4aut.
245 0 _aMetodología de la investigación/
_bRoberto Hernandez Sampieri
250 _a4° ed.
260 _aMexico, D.F.:
_bMc Graw Hill,
_c2006
300 _a850 p.;
_c23 cm.
505 _aPrimera parte. Los enfoques cuantitativos y cualitativo en la investigación científica 1. Similitudes y diferencias entre los enfoques cuantitativo y cualitativo 2. El nacimiento de un proyecto de investigación cuantitativo, cualitativo o mixto: la idea Segunda parte. El proceso de la investigación cuantitativa 3. Planteamiento del problema cuantitativo 4. Elaboración del marco teórico. revisión de la literatura y construcción de una perspectiva teórica 5. Definición del alcance de la investigación a realizar: exploratoria, descriptiva, correlacional o explicativa 6. Formulación de hipótesis 7. Concepción o elección del diseño de investigación 8. Selección de la muestra 9. Recolección de los datos cuantitativos 10. Anàlisis de los datos cuantitativos 11. El reporte de resultados del proceso Tercera parte. El proceso de la investigación cualitativa 12. El inicio del proceso cuantitativo: planteamiento del problema, revisión de la literatura, surgimiento de las hipótesis e inmersión en el campo 13. Muestreo cualitativo 14. Recolección y análisis de los datos cualitativos 15. Diseños del proceso de investigación cualitativa 16. El reporte de resultados del proceso cualitativo Cuarta parte. Los procesos mixtos de investigación 17. Los procesos mixtos o multimodales
650 _2LEMB
_aInvestigación
_xMetodología
_93
700 _aCarlos Fernandez-Collado
_4col.
942 _cBK
_2ddc